Responses for Show #5019 - Thursday, June 8, 2006

Contestants

[<< previous game]

Kerry Rucidlo, a secretary from New York, New York

Jessica Tanner, a graduate student from Cambridge, Massachusetts

Roberta Ellington, a marketing coordinator from Tustin, California (whose 1-day cash winnings total $17,500)

[next game >>]

Jeopardy! Round responses

JUNE SWOON
DAVES OF OUR LIVES
TOOLS
MANHATTAN'S MUSEUM MILE
GAMES
3-LETTER WORDS
    $200 11
Manila

Roberta
    $200 25
David Letterman

Jessica
    $200 6
a hammer

Roberta
    $200 21
Germany

Jessica
    $200 16
cricket

Roberta
    $200 1
rod

Jessica
    $400 12
Wisconsin

Jessica
    $400 26
David Duchovny

Jessica
    $400 7
the auto industry

Roberta
    $400 22
the Metropolitan Museum of Art

Kerry
    $400 17
badminton

Roberta
    $400 2
keg

Kerry
    $1,000 13
(Jessica: What's Arbor Day?)
(Alex: No, very appropriate--it's [*]. [*].)

Flag Day

Jessica
    $600 27
Dave Barry

Roberta
    $600 8
an axe

Jessica
    $600 23
the Guggenheim

Kerry
    $600 18
Ping-Pong

Roberta
    $600 3
wad

Kerry
    $800 14
June 6, 1944

Kerry
    $800 28
Dave Winfield

Jessica
    $800 9
a circle

Jessica
    $800 24
Al Smith

Roberta
    $800 19
jai alai

Kerry
    $800 4
yon

Roberta
    $1000 15
Nero

Kerry
    $1000 29
Dave Brubeck

Jessica
    $1000 10
a scythe

Roberta
    $1000 30
Barrio

Roberta
    $1000 20
a rover

Triple Stumper
    $1000 5
vim

Roberta

Scores at the first commercial break (after clue 15):

Roberta Jessica Kerry
$3,600 $1,000 $2,800

Scores at the end of the Jeopardy! Round:

Roberta Jessica Kerry
$7,200 $3,600 $4,600

Double Jeopardy! Round responses

CITY OF THE DAY: SAN FRANCISCO
CLASSIC TV THEMES
LITERARY CROSSWORD CLUES "L"
PEOPLE, PLACES & THINGS WE KNOW
EMISSARY TO AMERICA
MARK ANTONYMS
    $400 21
(Roberta: What is... oh!)

Alcatraz Island

RobertaKerry
    $400 8
The Flintstones

Roberta
    $400 1
(Edward) Lear

Triple Stumper
    $400 13
a price

Roberta
    $400 19
(Jessica: Who is Jefferson?)
(Roberta: Who is Monroe?)

George Washington

RobertaJessica
Triple Stumper
    $400 6
erase

Kerry
    $800 27
(Alex: That's right, at Sutter's Mill.)

gold

Jessica
    $800 9
All in the Family

Kerry
    $800 2
Lamb

Jessica
    $800 14
griffin

Jessica
    $800 20
India

Roberta
    $800 7
O

Roberta
    $1200 29
Maya Angelou

Roberta
    $1200 10
Bewitched

Roberta
    $1200 3
(Roberta: What is Longs... stock?)

Leatherstocking

RobertaJessica
    $1200 15
Friedman

Kerry
    $1200 22
the League of Nations

Jessica
    $1200 18
finish

Roberta
    $1600 30
the Panama Canal

Roberta
    $1600 11
The Carol Burnett Show

Kerry
    $1,000 4
(Jessica: ...I don't know.)

Locksley

Jessica
    $1600 16
Johnson

Kerry
    $800 23
Mexico

Jessica
    $1600 25
ignore

Jessica
    $2000 28
the Presidio

Roberta
    $2000 12
(Kerry: What is Starsky and Hutch?)

S.W.A.T.

Kerry
Triple Stumper
    $2000 5
Lonigan

Triple Stumper
    $2000 17
(Roberta: What's the Nile?)

the Rhine

RobertaJessica
    $2000 24
(Alex: He was the first native-born Canadian to be [*]. We have less than a minute to deal with the remaining six clues.)

governor-general

Triple Stumper
    $2000 26
hide

Triple Stumper

Scores at the end of the Double Jeopardy! Round:

Roberta Jessica Kerry
$12,800 $11,400 $8,600

[wagering suggestions for these scores]

Final Jeopardy! Round responses

UNIVERSITIES
(Alex: Two of you are from that part of the country and are very close to it--oh, Kerry's upset now when I said that.)
...
(Alex: [*]'s state university, if you will, is called...)
(Roberta: Rutgers. My boyfriend's alma mater.)
(Alex: Oh boy. Well, it paid off handsomely. You add $11,401, $24,201 for the day and now a 2-day total of $41,701. You better thank your friend!)
(Roberta: Yes!)
KerryWhat is Alaska
$8,590
JessicaWhat is Alaska?
$5,801
RobertaWhat is New Jersey?
$11,401
New Jersey

Final scores:

Roberta Jessica Kerry
$24,201 $5,599 $10
2-day champion: $41,701 2nd place: $2,000 3rd place: $1,000

Game dynamics:

Coryat scores:

Roberta Jessica Kerry
$12,800 $14,200 $8,600
21 R,
4 W
17 R
(including 1 DD),
3 W
(including 2 DDs)
13 R,
1 W

Combined Coryat: $35,600

[game clues] [game scores] [suggest correction]

Game tape date: Unknown
The J! Archive is created by fans, for fans. Scraping, republication, monetization, and malicious use prohibited; this site may use cookies and collect identifying information. See terms. The Jeopardy! game show and all elements thereof, including but not limited to copyright and trademark thereto, are the property of Jeopardy Productions, Inc. and are protected under law. This website is not affiliated with, sponsored by, or operated by Jeopardy Productions, Inc. Join the discussion at JBoard.tv.